000 00572nam a2200193Ia 4500
005 20250508153730.0
008 008 250505s9999 xx 000 0 eng d
037 _aTextual
040 _aFEDL
_beng
_cFEDL
041 _aeng
_2eng
084 _a910.7, RED
_qFEDL
100 _aRedway Jacques W
_9764302
245 0 _aTeacher's manual of geography
260 _aBoston, USA
_bD C Heath and Company
300 _a174p.
546 _a1. Hints to teachers; 2. Modern facts and ancient fancies.
942 _cTEXL
_h910.7, RED
999 _c1345057
_d1345057